Social indicators of development (Record no. 76580)

MARC details
000 -LEADER
fixed length control field 00779nam a2200193 a 4500
008 - FIXED-LENGTH DATA ELEMENTS--GENERAL INFORMATION
fixed length control field 120416s1993 ||||||||||||||||| || u
020 ## - INTERNATIONAL STANDARD BOOK NUMBER
International Standard Book Number 0801847052
050 ## - LIBRARY OF CONGRESS CALL NUMBER
Classification number IBRD(058)S6
110 ## - MAIN ENTRY--CORPORATE NAME
Corporate name or jurisdiction name as entry element World Bank
245 10 - TITLE STATEMENT
Title Social indicators of development
260 ## - PUBLICATION, DISTRIBUTION, ETC.
Place of publication, distribution, etc. Washington, D. C.
Name of publisher, distributor, etc. World Bank
Date of publication, distribution, etc. 1993
300 ## - PHYSICAL DESCRIPTION
Extent xv, 393p. : ill.
350 ## -
-- 0.00
500 ## - GENERAL NOTE
General note Library Holding: 1993, 1994
650 #0 - SUBJECT ADDED ENTRY--TOPICAL TERM
Topical term or geographic name entry element ECONOMIC INDICATORS
650 ## - SUBJECT ADDED ENTRY--TOPICAL TERM
Topical term or geographic name entry element Social indicators
995 ## -
-- SPECIAL COLLECTIONS
-- 0.00
-- 025275
-- CBU-MAIN LIBRARY (Kitwe)
-- 1
-- 0.00
-- IBRD(058)S6/1993
-- 1
-- AVAILABLE
-- 025275
-- International Publications
995 ## -
-- SPECIAL COLLECTIONS
-- 0.00
-- 026569
-- CBU-MAIN LIBRARY (Kitwe)
-- 1
-- 0.00
-- IBRD(058)S6/1994
-- 2
-- AVAILABLE
-- Apr 18, 2008
-- 026569
-- International Publications
999 ## -
-- 76580
-- 76580
Holdings
Withdrawn status Lost status Source of classification or shelving scheme Damaged status Not for loan Permanent Location Current Location Shelving location Date acquired Total Checkouts Full call number Barcode Date last seen Copy number Price effective from Koha item type
          CBU-MAIN LIBRARY, KITWE. CBU-MAIN LIBRARY, KITWE.   04/25/2023   IBRD(058)S6/1993 025275 04/25/2023 1 04/25/2023 SPECIAL COLLECTION
          CBU-MAIN LIBRARY, KITWE. CBU-MAIN LIBRARY, KITWE.   04/25/2023   IBRD(058)S6/1993 026569 04/25/2023 2 04/25/2023 SPECIAL COLLECTION